| 000 | 00660nam a2200181Ia 4500 | ||
|---|---|---|---|
| 008 | 090630s9999 xx 000 0 und d | ||
| 082 | _b26760 | ||
| 100 | _aलिमये मंदाकिनी. | ||
| 245 |
_aसुभाषित रसस्वाद. _cलिमये मंदाकिनी. |
||
| 260 |
_bऔदुंबर - मुंबई. _c2004 |
||
| 300 | _a128 | ||
| 600 | _aलिमये मंदाकिनी. | ||
| 630 | _aसुभाषित रसस्वाद. | ||
| 655 | _aइतर. | ||
| 700 | _aलिमये मंदाकिनी. | ||
| 730 | _aसुभाषित रसस्वाद. | ||
| 942 | _cBOOK | ||
| 999 |
_c278616 _d278616 |
||